Incentivos fiscales a la inversión industrial (Registro nro. 24851)
[ vista simple ]
| 000 -LEADER | |
|---|---|
| fixed length control field | 00328 a2200109 4500 |
| 001 - CONTROL NUMBER | |
| control field | ART_11008 |
| 005 - DATE AND TIME OF LATEST TRANSACTION | |
| control field | 20260410161849.0 |
| 008 - FIXED-LENGTH DATA ELEMENTS--GENERAL INFORMATION | |
| fixed length control field | 260409a |
| 100 1# - MAIN ENTRY--PERSONAL NAME | |
| Personal name | Artana, Daniel |
| 245 10 - TITLE STATEMENT | |
| Title | Incentivos fiscales a la inversión industrial |
| 773 0# - HOST ITEM ENTRY | |
| Title | Económica |
| Related parts | - Año XXXIII, Nº 1 (ene./jun. 1987) |
| Record control number | REV7541 |
No hay ítems disponibles.